[Event "6th EUR-ch (w)"]
[Site "Chisinau MDA"]
[Date "2005.06.12"]
[Round "2"]
[White "Arakhamia-Grant, Ketevan"]
[Black "Zakurdyaeva, Irina"]
[Result "1-0"]
[WhiteElo "2452"]
[BlackElo "2260"]
[EventDate "2005.06.10"]
[PlyCount "75"]

1.e4 c5 2.Nf3 d6 3.d4 cxd4 4.Nxd4 Nf6 5.Nc3 a6 6.f3 e5 7.Nb3 Be6 8.Be3 
Nbd7 9.g4 Nb6 10.Qd2 Rc8 11.O-O-O Be7 12.g5 Nh5 13.Rg1 O-O 14.Kb1 Nf4 15.
h4 Qc7 16.Qf2 Nd7 17.Bxf4 exf4 18.Nd5 Bxd5 19.exd5 Ne5 20.Bh3 f5 21.gxf6 
Bxf6 22.Bxc8 Rxc8 23.c3 Nc4 24.Rde1 Qf7 25.Re6 Ne3 26.Qd2 Be5 27.Qd3 Qh5 
28.Qe4 Qf5 29.Nd2 Kf7 30.Qxf5+ Nxf5 31.Ne4 Rd8 32.h5 Ne3 33.Ng5+ Kg8 34.
Re7 Nxd5 35.Rxb7 Re8 36.h6 g6 37.Nxh7 Re7 38.Rxe7 1-0

[Event "6th EUR-ch (w)"]
[Site "Chisinau MDA"]
[Date "2005.06.12"]
[Round "2"]
[White "Gheorghe, Corina"]
[Black "Sedina, Elena"]
[Result "1-0"]
[WhiteElo "2234"]
[BlackElo "2422"]
[EventDate "2005.06.10"]
[PlyCount "94"]

1.e4 e5 2.Nf3 Nc6 3.Nc3 Nf6 4.g3 Bc5 5.Bg2 d6 6.O-O a6 7.d3 Be6 8.Bg5 h6 
9.Be3 Bxe3 10.fxe3 Ne7 11.Nh4 c6 12.Nf5 Bxf5 13.exf5 d5 14.Qf3 Qc7 15.Rab1
O-O-O 16.b4 Rhe8 17.Rb3 d4 18.Nd1 dxe3 19.Nxe3 Ned5 20.Kh1 e4 21.dxe4 Nxe4
22.Nxd5 Rxd5 23.Qg4 h5 24.Qxg7 Rde5 25.Rd3 Kb8 26.Qh6 Qe7 27.Rd4 Nf6 28.
Qf4 Ka8 29.Bf3 Re1 30.Rd1 Re5 31.a4 Nd5 32.Bxd5 cxd5 33.Rd4 Re4 34.Rxe4 
dxe4 35.b5 e3 36.bxa6 bxa6 37.Qf3+ Qe4 38.Kg2 Ka7 39.Qxe4 Rxe4 40.Ra1 Kb6 
41.Kf3 Re5 42.Kf4 f6 43.h3 Kc5 44.g4 hxg4 45.hxg4 Re8 46.Kf3 Kd4 47.Rd1+ 
Kc4 1-0

[Event "6th EUR-ch (w)"]
[Site "Chisinau MDA"]
[Date "2005.06.12"]
[Round "2"]
[White "Kononenko, Tatiana"]
[Black "Calzetta Ruiz, Monica"]
[Result "1-0"]
[WhiteElo "2416"]
[BlackElo "2254"]
[EventDate "2005.06.10"]
[PlyCount "79"]

1.d4 Nf6 2.Nf3 c5 3.d5 b5 4.Bg5 Ne4 5.Bf4 Bb7 6.a4 Nf6 7.axb5 Nxd5 8.Bd2 
Nf6 9.c4 g6 10.Nc3 Bg7 11.Qc2 a6 12.e4 O-O 13.Be2 axb5 14.Rxa8 Bxa8 15.
cxb5 d6 16.O-O Nbd7 17.h3 Bb7 18.Ra1 Qc7 19.Be3 Rb8 20.Nd2 Qd8 21.Nc4 Ra8 
22.Ra3 h5 23.Bf3 Ne8 24.Qb3 Ne5 25.Be2 Rb8 26.Na5 Ba8 27.f4 Nd7 28.Qc2 Rc8
29.Nc4 Nc7 30.Ra7 Bxc3 31.bxc3 Nxb5 32.Rxd7 Qxd7 33.Nb6 Na3 34.Qc1 Qb7 35.
Nxc8 Qxc8 36.Qxa3 Bxe4 37.Kf2 Qc7 38.Bf1 h4 39.c4 f6 40.Qc1 1-0

[Event "6th EUR-ch (w)"]
[Site "Chisinau MDA"]
[Date "2005.06.12"]
[Round "2"]
[White "Fakhiridou, Ekaterini"]
[Black "Danielian, Elina"]
[Result "0-1"]
[WhiteElo "2247"]
[BlackElo "2415"]
[EventDate "2005.06.10"]
[PlyCount "108"]

1.e4 c6 2.d3 d5 3.Nd2 e5 4.Ngf3 Bd6 5.g3 Nf6 6.Bg2 O-O 7.O-O Re8 8.c3 Nbd7
9.Qc2 Qc7 10.Re1 a5 11.Nf1 dxe4 12.dxe4 Nc5 13.h3 Be6 14.Bg5 Nfd7 15.N3d2 
f6 16.Be3 Bf7 17.Nh2 b5 18.Nhf3 Nf8 19.Bf1 Nfe6 20.Kh2 Red8 21.Red1 Bf8 
22.Ne1 Rd7 23.Nd3 Rad8 24.Nxc5 Bxc5 25.Be2 Bxe3 26.fxe3 Nc5 27.Nf1 Rxd1 
28.Bxd1 Bc4 29.Bf3 Rd6 30.Qg2 Qd8 31.b3 Bxf1 32.Rxf1 Rd2 33.Rf2 Rxf2 34.
Qxf2 Qd3 35.c4 b4 36.Bg2 Qd7 37.h4 Kf7 38.Qe2 g6 39.Bh3 Qd8 40.Qg4 h5 41.
Qe2 Qd3 42.Qe1 Qc2+ 43.Bg2 Qxa2 44.g4 hxg4 45.Qd1 g3+ 46.Kh3 Ke7 47.Qg4 
Qxb3 48.Qc8 Qxc4 49.Qc7+ Nd7 50.Kxg3 Qd3 51.Qxa5 Qxe3+ 52.Bf3 Qa3 53.Qc7 
Qc3 54.Qb7 b3 0-1

[Event "6th EUR-ch (w)"]
[Site "Chisinau MDA"]
[Date "2005.06.12"]
[Round "2"]
[White "Slavina, Irina"]
[Black "Dragomirescu, Angela"]
[Result "0-1"]
[WhiteElo "2415"]
[BlackElo "2241"]
[EventDate "2005.06.10"]
[PlyCount "202"]

1.d4 d6 2.Nf3 g6 3.c4 Bg7 4.Nc3 e5 5.e4 exd4 6.Nxd4 Nc6 7.Be3 Nge7 8.Nxc6 
bxc6 9.Be2 O-O 10.O-O f5 11.Bd4 Bxd4 12.Qxd4 c5 13.Qd2 Bb7 14.Bd3 Qd7 15.
Rfe1 Rae8 16.Rad1 fxe4 17.Bxe4 Bxe4 18.Nxe4 Qf5 19.Re3 Nc6 20.Qd5+ Qxd5 
21.cxd5 Ne5 22.f3 Rb8 23.b3 h6 24.Nxc5 Nxf3+ 25.gxf3 dxc5 26.Rc1 Rb5 27.
Re6 Kg7 28.Rc6 Rf7 29.Kg2 c4 30.R1xc4 Rxd5 31.Rc2 Rg5+ 32.Kf2 Rh5 33.Ke3 
Re5+ 34.Kd4 Ree7 35.R2c3 Rf4+ 36.Kd5 Rd7+ 37.Kc5 g5 38.Kb5 Rff7 39.Ka6 Rd2
40.a4 Rxh2 41.Rxc7 h5 42.Kxa7 h4 43.a5 h3 44.a6 Rb2 45.Rxf7+ Kxf7 46.Kb7 
h2 47.a7 h1=Q 48.a8=Q Re2 49.Rc7+ Re7 50.Rxe7+ Kxe7 51.Qa3+ Kf7 52.b4 g4 
53.Qb3+ Kf8 54.Qe6 Qxf3+ 55.Ka6 g3 56.Qd6+ Kg7 57.Qc7+ Kg6 58.b5 g2 59.
Qc2+ Kg7 60.Qc1 Qf6+ 61.Ka5 Qd8+ 62.b6 Qa8+ 63.Kb5 Qd5+ 64.Ka6 Qa2+ 65.Kb5
Qb3+ 66.Kc5 Qg3 67.Qg1 Qf3 68.Qd4+ Kg6 69.b7 Qxb7 70.Qg4+ Kh7 71.Qh5+ Kg8 
72.Qe8+ Kg7 73.Qe5+ Kg6 74.Qe6+ Kg5 75.Qe5+ Kg4 76.Qd4+ Kf5 77.Qf2+ Kg4 
78.Qd4+ Kg3 79.Qe5+ Kf2 80.Qd4+ Ke2 81.Qc4+ Kf2 82.Qd4+ Ke2 83.Qc4+ Kd2 
84.Qd4+ Kc2 85.Qc4+ Kb2 86.Qd4+ Ka2 87.Qa4+ Kb2 88.Qd4+ Kc2 89.Qc4+ Kd1 
90.Qd3+ Kc1 91.Qc3+ Kb1 92.Qd3+ Ka2 93.Qe2+ Qb2 94.Qc4+ Kb1 95.Qg4 Qc1+ 
96.Kd6 g1=Q 97.Qe4+ Qc2 98.Qb4+ Qb2 99.Qe4+ Ka1 100.Ke6 Qg8+ 101.Kd6 Qd8+ 
0-1

[Event "6th EUR-ch (w)"]
[Site "Chisinau MDA"]
[Date "2005.06.12"]
[Round "2"]
[White "Mamedyarova, Turkan"]
[Black "Jackova, Jana"]
[Result "0-1"]
[WhiteElo "2221"]
[BlackElo "2406"]
[EventDate "2005.06.10"]
[PlyCount "66"]

1.e4 e5 2.Bc4 Nf6 3.d3 Bc5 4.Nf3 d6 5.c3 a6 6.O-O Ba7 7.d4 Qe7 8.Bg5 h6 9.
dxe5 hxg5 10.exf6 gxf6 11.Nd4 Nd7 12.Nf5 Qf8 13.Nd2 Ne5 14.Be2 Be6 15.Nb3 
O-O-O 16.Nbd4 d5 17.exd5 Bxd5 18.Qa4 Kb8 19.Rfd1 Qg8 20.Ne3 Qh7 21.Nf1 g4 
22.Qc2 Be4 23.Qc1 f5 24.Qf4 Ng6 25.Qg3 Bc5 26.Nb3 Bd6 27.Rxd6 Rxd6 28.Nc5 
Bc6 29.Rd1 Rxd1 30.Bxd1 Qh6 31.Bc2 Qg5 32.f3 f4 33.Qf2 gxf3 0-1

[Event "6th EUR-ch (w)"]
[Site "Chisinau MDA"]
[Date "2005.06.12"]
[Round "2"]
[White "Lematschko, Tatjana"]
[Black "Zayats, Elena"]
[Result "0-1"]
[WhiteElo "2231"]
[BlackElo "2398"]
[EventDate "2005.06.10"]
[PlyCount "86"]

1.e4 e5 2.Nf3 Nc6 3.Nc3 Nf6 4.d4 exd4 5.Nxd4 Bb4 6.Nxc6 bxc6 7.Bd3 d5 8.
exd5 cxd5 9.O-O O-O 10.Bg5 c6 11.Qf3 h6 12.Bxf6 Qxf6 13.Qxf6 gxf6 14.Ne2 
Be6 15.Nd4 c5 16.Nc6 Bd2 17.Ba6 Bf4 18.Rad1 Kg7 19.b4 cxb4 20.Nxb4 Rad8 
21.a4 Rd6 22.Bb5 Rc8 23.Rd3 a5 24.Na2 Rxc2 25.Rf3 Bd2 26.Ra3 d4 27.Ra1 d3 
28.Bxd3 Rxa2 29.R1xa2 Bxa2 30.Bb5 Be6 31.Kf1 Bb4 32.Rd3 Bd7 33.Rg3+ Kf8 
34.Bxd7 Rxd7 35.Rf3 Re7 36.g4 Re1+ 37.Kg2 Kg7 38.Rf5 Ra1 39.h4 Rxa4 40.f4 
Bd2 41.g5 fxg5 42.fxg5 Rxh4 43.gxh6+ Rxh6 0-1

[Event "6th EUR-ch (w)"]
[Site "Chisinau MDA"]
[Date "2005.06.12"]
[Round "2"]
[White "Lomineishvili, Maia"]
[Black "Mirzoeva, Elmira"]
[Result "1-0"]
[WhiteElo "2396"]
[BlackElo "2232"]
[EventDate "2005.06.10"]
[PlyCount "89"]

1.d4 Nf6 2.c4 c5 3.e3 cxd4 4.exd4 d6 5.Nf3 Bg4 6.Be2 g6 7.h3 Bd7 8.Nc3 Bg7
9.O-O O-O 10.Bg5 h6 11.Be3 Na6 12.Qd2 Kh7 13.Rfe1 Nc7 14.d5 Qb8 15.Nd4 a6 
16.a4 a5 17.Bd3 Na6 18.Ndb5 Nb4 19.Bb6 Ra6 20.Bd4 e6 21.dxe6 Bxe6 22.Bf1 
Nc6 23.Be3 Ne5 24.b3 Rd8 25.Rad1 g5 26.f4 Ng6 27.fxg5 Nh5 28.gxh6 Be5 29.
Bd4 Bf4 30.Qc2 d5 31.g4 Ng3 32.cxd5 Nxf1 33.Rxf1 Bxd5 34.Nxd5 Rxd5 35.Qe4 
Rg5 36.Be3 Bxe3+ 37.Qxe3 f6 38.Rd7+ Kxh6 39.Nd4 Nh4 40.Qf2 Ng6 41.Nf5+ 
Rxf5 42.gxf5 Qe8 43.Rd4 Ne5 44.Rh4+ Kg7 45.Qg3+ 1-0

[Event "6th EUR-ch (w)"]
[Site "Chisinau MDA"]
[Date "2005.06.12"]
[Round "2"]
[White "Sirotkina, Nina"]
[Black "Vasylevich, Tatiana"]
[Result "0-1"]
[WhiteElo "2206"]
[BlackElo "2395"]
[EventDate "2005.06.10"]
[PlyCount "114"]

1.c4 e6 2.Nf3 Nf6 3.g3 d5 4.Bg2 dxc4 5.Qa4+ c6 6.Qxc4 b5 7.Qc2 Bb7 8.O-O 
Nbd7 9.b3 Be7 10.Bb2 O-O 11.d3 Qb6 12.Nbd2 c5 13.Ne5 Nxe5 14.Bxe5 Bxg2 15.
Kxg2 Nd5 16.Nf3 Rac8 17.Rac1 Rfd8 18.Rfd1 f6 19.Bb2 e5 20.a3 Qe6 21.e4 
Nf4+ 22.Kh1 Qh3 23.Nh4 g5 24.gxf4 Qxh4 25.fxe5 Rf8 26.Rg1 fxe5 27.Rg2 Qf4 
28.Rcg1 h6 29.Qe2 Rc6 30.Rf1 Rd6 31.Rg3 Kh7 32.Bc1 Qf7 33.Kg2 Qxb3 34.d4 
Qa4 35.dxc5 Rdf6 36.Rc3 Qd4 37.Rc2 Bxc5 38.Bb2 Rxf2+ 39.Rxf2 Rxf2+ 40.Qxf2
Qxe4+ 41.Qf3 Qxc2+ 42.Kg3 Qxb2 43.Qb7+ Kh8 44.Qc8+ Kg7 45.Qd7+ Kf6 46.Qc6+
Kf5 47.Qxc5 Qb3+ 48.Kg2 g4 49.Qxa7 Qd5+ 50.Kf1 Qh1+ 51.Ke2 Qxh2+ 52.Kd3 
e4+ 53.Kc3 Qe5+ 54.Kc2 e3 55.Qh7+ Kg5 56.Qg8+ Kh4 57.Kd1 Qd4+ 0-1

[Event "6th EUR-ch (w)"]
[Site "Chisinau MDA"]
[Date "2005.06.12"]
[Round "2"]
[White "Tsoganova, Monika"]
[Black "Vajda, Szidonia"]
[Result "0-1"]
[WhiteElo "2211"]
[BlackElo "2391"]
[EventDate "2005.06.10"]
[PlyCount "82"]

1.d4 d5 2.c4 e6 3.cxd5 exd5 4.Nc3 c6 5.Bf4 f5 6.e3 Nf6 7.Bd3 Bd6 8.Bxd6 
Qxd6 9.Nf3 O-O 10.O-O Ne4 11.Qc2 Nd7 12.Ne2 b6 13.a3 a5 14.b4 Bb7 15.b5 c5
16.dxc5 bxc5 17.Ng3 a4 18.Rfd1 Qe7 19.Qb2 c4 20.Bf1 Ndc5 21.Nd4 Qe5 22.f4 
Qf6 23.Ngxf5 Bc8 24.Ng3 Nxg3 25.hxg3 Ne4 26.Be2 Nxg3 27.Bf3 Bb7 28.Qf2 Qh4
29.Qc2 Rac8 30.Qc3 Rf6 31.Nc6 Kh8 32.Rxd5 Bxc6 33.bxc6 Rcxc6 34.Rg5 Rg6 
35.Rxg6 hxg6 36.Rb1 Qh1+ 37.Kf2 Qxb1 38.Kxg3 Qd3 39.Qb4 c3 40.Qxa4 Qxe3 
41.Qxc6 Qe1+ 0-1

[Event "6th EUR-ch (w)"]
[Site "Chisinau MDA"]
[Date "2005.06.12"]
[Round "2"]
[White "Matnadze, Ana"]
[Black "Srebrnic, Ana"]
[Result "1/2-1/2"]
[WhiteElo "2376"]
[BlackElo "2221"]
[EventDate "2005.06.10"]
[PlyCount "174"]

1.d4 Nf6 2.c4 g6 3.Nf3 Bg7 4.g3 O-O 5.Bg2 d6 6.O-O Nc6 7.Nc3 a6 8.d5 Na5 
9.Nd2 c5 10.Rb1 Rb8 11.b3 b5 12.Bb2 h5 13.h3 Bf5 14.e4 Bd7 15.Ba1 e5 16.f4
h4 17.Ne2 Nh5 18.fxe5 Qg5 19.gxh4 Qe3+ 20.Rf2 dxe5 21.Nf1 Qh6 22.Bc3 Nb7 
23.Bd2 Qh7 24.cxb5 Bxb5 25.Rc1 Rbc8 26.a4 Bd7 27.Ne3 Nf4 28.Nxf4 exf4 29.
Nc2 Qxh4 30.Bxf4 Bxh3 31.Bxh3 Qxh3 32.Rh2 Qxb3 33.Rb1 Qxa4 34.Qf3 Rfe8 35.
Rxb7 Qxe4 36.Qxe4 Rxe4 37.Bc7 Be5 38.d6 Bxh2+ 39.Kxh2 Re2+ 40.Kg3 Rxc2 41.
d7 Rf8 42.d8=Q Rxd8 43.Bxd8 Kg7 44.Rb6 f5 45.Bg5 Rc4 46.Rb7+ Kf8 47.Kf3 
Rg4 48.Be7+ Kf7 49.Bxc5+ Ke6 50.Rb6+ Kd5 51.Be3 a5 52.Rb5+ Ke6 53.Rxa5 Kd6
54.Bf4+ Ke6 55.Ra6+ Kd7 56.Ra1 Ke6 57.Re1+ Kf7 58.Bg3 Re4 59.Ra1 Rg4 60.
Ra6 Ke7 61.Bf2 Kf7 62.Ke3 Re4+ 63.Kd3 Kg7 64.Ra7+ Kf6 65.Be3 Rg4 66.Ra6+ 
Ke5 67.Bh6 Rf4 68.Ke3 Re4+ 69.Kf3 Rg4 70.Be3 Kd5 71.Bf4 Kc5 72.Re6 Kd5 73.
Re1 Kd4 74.Rd1+ Kc5 75.Ke3 Kc4 76.Rd4+ Kc5 77.Rd8 Kc4 78.Bh6 Re4+ 79.Kf3 
Rg4 80.Bg7 Re4 81.Rd6 Rg4 82.Bf8 Kc3 83.Ke3 Re4+ 84.Kf2 Rf4+ 85.Kg3 Rg4+ 
86.Kf3 Kc4 87.Be7 Kc3 1/2-1/2

[Event "6th EUR-ch (w)"]
[Site "Chisinau MDA"]
[Date "2005.06.12"]
[Round "2"]
[White "Stiri, Alexandra"]
[Black "Pokorna, Regina"]
[Result "0-1"]
[WhiteElo "2181"]
[BlackElo "2374"]
[EventDate "2005.06.10"]
[PlyCount "102"]

1.e4 e5 2.Nf3 Nc6 3.d4 exd4 4.Nxd4 Bc5 5.Nxc6 Qf6 6.Qd2 dxc6 7.Nc3 Ne7 8.
Bd3 Ng6 9.O-O Be6 10.Na4 Bd6 11.Kh1 Nf4 12.Qe3 Qe5 13.g3 Nxd3 14.cxd3 Bh3 
15.Re1 Bb4 16.Bd2 Bxd2 17.Qxd2 O-O-O 18.Nc3 Rd4 19.Qe3 Rhd8 20.Rad1 Qa5 
21.a3 Qa6 22.Nd5 c5 23.b4 Qxa3 24.bxc5 Ra4 25.Qg5 Be6 26.Ne7+ Kd7 27.Nd5 
Kc8 28.Ne7+ Kd7 29.Nd5 Bxd5 30.Qxd5+ Kc8 31.Qxf7 Qxc5 32.Rc1 Qd6 33.Qxg7 
h6 34.Re2 c6 35.Rb2 b6 36.Kg1 Rd7 37.Qg8+ Kb7 38.Rb3 Rd4 39.Rcc3 Qf6 40.
Qg4 a5 41.Qe2 a4 42.Rb1 Qd6 43.e5 Qd5 44.e6 Re7 45.Re1 b5 46.Qe3 h5 47.f4 
h4 48.f5 hxg3 49.hxg3 Rh7 50.Rf1 Rh1+ 51.Kf2 Qxf5+ 0-1

[Event "6th EUR-ch (w)"]
[Site "Chisinau MDA"]
[Date "2005.06.12"]
[Round "2"]
[White "Muzicuk, Anna"]
[Black "Meshcheriakova, Evgenia"]
[Result "1/2-1/2"]
[WhiteElo "2363"]
[BlackElo "2193"]
[EventDate "2005.06.10"]
[PlyCount "130"]

1.e4 c5 2.Nc3 Nc6 3.Bb5 Nd4 4.Nf3 e6 5.O-O Ne7 6.Nxd4 cxd4 7.Ne2 Nc6 8.
Bxc6 dxc6 9.d3 Be7 10.c3 dxc3 11.bxc3 O-O 12.d4 c5 13.Be3 b6 14.Ng3 Ba6 
15.Re1 cxd4 16.Bxd4 Bc4 17.e5 Qd5 18.Nh5 Kh8 19.Re3 Rg8 20.Qc2 Rac8 21.
Rae1 Ba6 22.Nf4 Qd8 23.Rh3 g6 24.Qa4 Bc4 25.Qxa7 b5 26.Qb7 Qc7 27.Qf3 Qc6 
28.Qe3 Ra8 29.Nd3 Bxd3 30.Qxd3 Rxa2 31.Rf3 Kg7 32.Qe3 Raa8 33.Qf4 Qe8 34.
Be3 Rh8 35.Qh6+ Kg8 36.Bg5 Bf8 37.Qh4 Ra4 38.Qg3 h6 39.Bf6 Bg7 40.Rd3 Kh7 
41.Red1 Qc6 42.h4 h5 43.Bxg7 Kxg7 44.Qg5 Rf8 45.g3 Qe4 46.Qf6+ Kg8 47.Rd7 
Qf5 48.Qxf5 gxf5 49.Rc7 f4 50.Rc5 Rb8 51.Rb1 fxg3 52.fxg3 Ra3 53.Kf2 Kg7 
54.Rb4 Rd8 55.Ke3 Ra1 56.Rcxb5 Re1+ 57.Kf2 Rc1 58.g4 Rc2+ 59.Ke3 Rxc3+ 60.
Kf4 Rdd3 61.Kg5 hxg4 62.Rxg4 Rg3 63.Rb4 Rcf3 64.Kh5+ Rxg4 65.Kxg4 Rf1 
1/2-1/2

[Event "6th EUR-ch (w)"]
[Site "Chisinau MDA"]
[Date "2005.06.12"]
[Round "2"]
[White "Kalinina, Olga"]
[Black "Ciuksyte, Dagne"]
[Result "0-1"]
[WhiteElo "2022"]
[BlackElo "2356"]
[EventDate "2005.06.10"]
[PlyCount "84"]

1.e4 c5 2.Nf3 e6 3.d4 cxd4 4.Nxd4 a6 5.Bd3 Bc5 6.Nb3 Ba7 7.O-O Nc6 8.c4 d6
9.Kh1 e5 10.Nc3 Nge7 11.f4 exf4 12.Bxf4 Ng6 13.Bg3 O-O 14.Be2 Nge5 15.Qe1 
Be6 16.Nd5 Rc8 17.Bh4 Qd7 18.Qg3 Ng6 19.Rad1 Rfe8 20.Nc1 Bxd5 21.exd5 Nce5
22.Nd3 Nxh4 23.Qxh4 Rxc4 24.Nxe5 Rxh4 25.Nxd7 Rxe2 26.Rc1 Rhe4 27.h3 h5 
28.Kh2 Bf2 29.Rc8+ Kh7 30.Rf8 Re7 31.Rd8 g6 32.h4 Kg7 33.Rc1 R7e4 34.Rc3 
Rxh4+ 35.Rh3 Rxh3+ 36.Kxh3 Rxb2 37.g4 hxg4+ 38.Kxg4 Rxa2 39.Nb8 Bc5 40.Nd7
Bd4 41.Nb8 Ra3 42.Rd7 Rb3 0-1

[Event "6th EUR-ch (w)"]
[Site "Chisinau MDA"]
[Date "2005.06.12"]
[Round "2"]
[White "Melnikova, Yana"]
[Black "Charochkina, Daria"]
[Result "0-1"]
[WhiteElo "2301"]
[BlackElo "2183"]
[EventDate "2005.06.10"]
[PlyCount "108"]

1.e4 c5 2.Nf3 e6 3.d4 cxd4 4.Nxd4 Nf6 5.Nc3 Nc6 6.Ndb5 Bb4 7.Bf4 Nxe4 8.
Qf3 d5 9.Nc7+ Ke7 10.O-O-O Bxc3 11.bxc3 g5 12.Bg3 Rb8 13.Bc4 Nxg3 14.Qxg3 
Kf8 15.Nxd5 Rg8 16.Nb4 Qb6 17.Rd6 a5 18.Nd3 Qc7 19.Rd1 Bd7 20.Nc5 Be8 21.
Bxe6 Ne7 22.Nd7+ Bxd7 23.Bxd7 Rd8 24.Qh3 Rg6 25.Rxg6 Nxg6 26.Rd4 Kg7 27.
Bf5 Rxd4 28.cxd4 Qf4+ 29.Kb1 Qxd4 30.Bxg6 hxg6 31.Qb3 Qa7 32.a4 b6 33.Qd5 
Qc7 34.Kb2 Qf4 35.Qb5 Qxf2 36.Qxg5 Qd4+ 37.c3 Qxa4 38.Qe5+ Kh7 39.Qf6 Qb5+
40.Kc1 Qc4 41.Kb2 b5 42.Qf2 a4 43.Qc2 Kg7 44.h3 f5 45.Qd1 Kh6 46.Qd2+ f4 
47.Qd1 b4 48.cxb4 Qxb4+ 49.Ka2 Qb3+ 50.Qxb3 axb3+ 51.Kxb3 Kg5 52.Kc3 Kh4 
53.Kd3 Kg3 54.Kc4 g5 0-1

[Event "6th EUR-ch (w)"]
[Site "Chisinau MDA"]
[Date "2005.06.12"]
[Round "2"]
[White "Partac, Elena"]
[Black "Bogza, Adina"]
[Result "1/2-1/2"]
[WhiteElo "2190"]
[BlackElo "2297"]
[EventDate "2005.06.10"]
[PlyCount "88"]

1.e4 d6 2.d4 Nf6 3.Nc3 g6 4.f3 c6 5.Be3 b5 6.a3 Nbd7 7.d5 cxd5 8.Bxb5 dxe4
9.fxe4 Bb7 10.Nge2 Bg7 11.O-O O-O 12.Ng3 Ne5 13.h3 h5 14.Bg5 Rc8 15.Kh1 
Rxc3 16.bxc3 Nxe4 17.Nxe4 Bxe4 18.Qe2 Ba8 19.Be3 Qc8 20.Kh2 Qxc3 21.Bxa7 
Ng4+ 22.hxg4 Be5+ 23.Kg1 Qg3 24.Rfd1 Qh2+ 25.Kf1 hxg4 26.Qxg4 Bxa1 27.Rxa1
Qe5 28.Rb1 Be4 29.Bd3 Bxd3+ 30.cxd3 Qc3 31.Qd4 Qxa3 32.Rb8 Qc1+ 33.Kf2 
Qd2+ 34.Kf3 Qd1+ 35.Kg3 Qe1+ 36.Kh2 Rxb8 37.Bxb8 Qe2 38.Bc7 Qh5+ 39.Kg1 
Qd1+ 40.Kh2 Qh5+ 41.Kg3 Qg5+ 42.Kf2 Qd2+ 43.Kg3 Qg5+ 44.Kf2 Qd2+ 1/2-1/2

[Event "6th EUR-ch (w)"]
[Site "Chisinau MDA"]
[Date "2005.06.12"]
[Round "2"]
[White "Moser, Eva"]
[Black "Harbuz, Daniela"]
[Result "1-0"]
[WhiteElo "2422"]
[BlackElo "2040"]
[EventDate "2005.06.10"]
[PlyCount "55"]

1.g3 g6 2.Bg2 Bg7 3.e4 d6 4.d4 c6 5.Ne2 Nd7 6.O-O Ngf6 7.h3 O-O 8.Nbc3 c5 
9.Be3 cxd4 10.Bxd4 e5 11.Be3 Nb6 12.b3 Be6 13.Qd2 Nc8 14.Rad1 Qd7 15.Kh2 
b5 16.f4 Rb8 17.Rf2 b4 18.Na4 Rb5 19.c4 bxc3 20.Naxc3 Rb8 21.f5 gxf5 22.
exf5 Bxf5 23.Rdf1 Ne7 24.Bg5 h6 25.Bxh6 Bxh6 26.Qxh6 Nh7 27.Nd5 Ng6 28.
Qxh7+ 1-0

[Event "6th EUR-ch (w)"]
[Site "Chisinau MDA"]
[Date "2005.06.12"]
[Round "2"]
[White "Ivanova-Skripova, Tatiana"]
[Black "Gaponenko, Inna"]
[Result "0-1"]
[WhiteElo "2205"]
[BlackElo "2482"]
[EventDate "2005.06.10"]
[PlyCount "80"]

1.d4 d6 2.Nf3 g6 3.Bf4 Bg7 4.e3 Nd7 5.Bc4 Ndf6 6.Nbd2 Nh5 7.Bg5 h6 8.Bh4 
g5 9.Bg3 e6 10.c3 f5 11.Bb5+ c6 12.Be2 Ngf6 13.O-O Bf8 14.Qc2 Rg8 15.Ne1 
Qc7 16.c4 b6 17.b4 e5 18.f3 Nxg3 19.hxg3 exd4 20.exd4 Nh5 21.g4 Ng3 22.Rf2
h5 23.gxf5 Bg7 24.Nb3 Bxf5 25.Bd3 Qf7 26.c5 bxc5 27.bxc5 d5 28.Qd2 Bf6 29.
Nc2 Kf8 30.Na5 Bd7 31.Rb1 Kg7 32.Rb7 Rgb8 33.Qb4 Rxb7 34.Qxb7 Rc8 35.Qxa7 
Qe8 36.Nb3 h4 37.Qa3 Ra8 38.Qb2 Qe6 39.Nc1 h3 40.Ne2 h2+ 0-1

[Event "6th EUR-ch (w)"]
[Site "Chisinau MDA"]
[Date "2005.06.12"]
[Round "2"]
[White "Zielinska, Marta"]
[Black "Khudaverdieva, Afag"]
[Result "1-0"]
[WhiteElo "2419"]
[BlackElo "2187"]
[EventDate "2005.06.10"]
[PlyCount "91"]

1.f4 d5 2.b3 c5 3.Bb2 Nc6 4.Nf3 Nf6 5.e3 e6 6.Bb5 Be7 7.Bxc6+ bxc6 8.O-O 
O-O 9.Ne5 Qb6 10.c4 a5 11.Nc3 a4 12.Rb1 axb3 13.axb3 Nd7 14.Na4 Qc7 15.
Nxd7 Bxd7 16.d3 f6 17.Ba3 Rfe8 18.Qc2 Qa5 19.Qf2 Bf8 20.Rfc1 Rab8 21.Qe1 
Qa7 22.cxd5 cxd5 23.Bxc5 Qa6 24.Bxf8 Rxf8 25.Nc5 Qb5 26.d4 Rfe8 27.Ra1 Ra8
28.Rxa8 Rxa8 29.Ra1 Re8 30.Ra7 Re7 31.h3 e5 32.fxe5 fxe5 33.Nxd7 Rxd7 34.
Rxd7 Qxd7 35.dxe5 Qc7 36.Qa1 Kf7 37.Qd4 Qb7 38.b4 Ke6 39.Kh2 g6 40.Qf4 Qb5
41.Qf6+ Kd7 42.Qf7+ Kc8 43.Qf8+ Kb7 44.e6 Qc6 45.Qg7+ Kb6 46.Qe5 1-0

[Event "6th EUR-ch (w)"]
[Site "Chisinau MDA"]
[Date "2005.06.12"]
[Round "2"]
[White "Foisor, Cristina"]
[Black "Doibani, Lilia"]
[Result "1-0"]
[WhiteElo "2406"]
[BlackElo "2185"]
[EventDate "2005.06.10"]
[PlyCount "65"]

1.d4 d5 2.c4 e6 3.Nc3 Nf6 4.cxd5 exd5 5.Bg5 Be7 6.e3 c6 7.Qc2 Nbd7 8.Bd3 
Nf8 9.Nge2 Ne6 10.Bh4 g6 11.O-O Ng7 12.f3 O-O 13.Kh1 Nf5 14.Bf2 c5 15.dxc5
Bxc5 16.Nd4 Bxd4 17.exd4 Qb6 18.Rad1 Be6 19.Qd2 Rac8 20.Na4 Qd6 21.Nc5 b6 
22.Nxe6 Qxe6 23.Rfe1 Qd7 24.Qg5 Kg7 25.g4 h6 26.Qf4 Qd6 27.Qd2 Ne7 28.Bg3 
Qd8 29.Ba6 Rc6 30.Bb5 Re6 31.Rxe6 fxe6 32.Qe3 Qc8 33.Rc1 1-0

[Event "6th EUR-ch (w)"]
[Site "Chisinau MDA"]
[Date "2005.06.12"]
[Round "2"]
[White "Korbut, Ekaterina"]
[Black "Kalinina, Larisa"]
[Result "1-0"]
[WhiteElo "2399"]
[BlackElo "2177"]
[EventDate "2005.06.10"]
[PlyCount "73"]

1.e4 c5 2.Nf3 e6 3.d4 cxd4 4.Nxd4 a6 5.Bd3 Bc5 6.Nb3 Be7 7.O-O Qc7 8.f4 d6
9.Nc3 Nf6 10.Qf3 O-O 11.Bd2 Nbd7 12.Rae1 e5 13.f5 b5 14.a3 Nc5 15.g4 Nxd3 
16.cxd3 Bb7 17.g5 Ne8 18.Rc1 Qd8 19.Qh5 d5 20.Rf3 dxe4 21.dxe4 Rc8 22.f6 
Bxf6 23.gxf6 Nxf6 24.Qf5 Nxe4 25.Nxe4 Rxc1+ 26.Bxc1 Qd1+ 27.Kf2 Qc2+ 28.
Ned2 e4 29.Re3 g6 30.Qc5 Qd1 31.Nxe4 Bxe4 32.Rxe4 Rd8 33.Qe3 Rd5 34.Re8+ 
Kg7 35.Qh6+ Kf6 36.Qh4+ g5 37.Qh6+ 1-0

[Event "6th EUR-ch (w)"]
[Site "Chisinau MDA"]
[Date "2005.06.12"]
[Round "2"]
[White "Peng Zhaoqin"]
[Black "Iodo, Anna"]
[Result "1-0"]
[WhiteElo "2392"]
[BlackElo "2176"]
[EventDate "2005.06.10"]
[PlyCount "85"]

1.d4 Nf6 2.Nf3 g6 3.g3 Bg7 4.Bg2 O-O 5.c4 d6 6.O-O Nbd7 7.Nc3 e5 8.e4 a5 
9.h3 exd4 10.Nxd4 Nc5 11.Be3 Re8 12.Qc2 Bd7 13.Rfe1 Ne6 14.Ndb5 Bc6 15.
Rad1 Nd7 16.b3 b6 17.Kh2 Bb7 18.f4 g5 19.e5 Bxg2 20.Qxg2 dxe5 21.f5 Nef8 
22.Ne4 h6 23.Rd2 Qb8 24.h4 Nf6 25.Nxf6+ Bxf6 26.Qc6 Kg7 27.hxg5 hxg5 28.
Nxc7 Rc8 29.Qxa8 Qxc7 30.Bxb6 Qxb6 31.Qxc8 Qb4 32.Rde2 Nh7 33.Qc6 g4 34.
Qe4 Ng5 35.Qxg4 Qc3 36.Kg2 Kf8 37.Re3 Qb4 38.Qd1 e4 39.R1e2 Kg7 40.Qd5 Qb8
41.c5 Qh8 42.g4 Qh4 43.Rg3 1-0

[Event "6th EUR-ch (w)"]
[Site "Chisinau MDA"]
[Date "2005.06.12"]
[Round "2"]
[White "Golubenko, Valentina"]
[Black "Olarasu, Gabriela"]
[Result "1/2-1/2"]
[WhiteElo "2171"]
[BlackElo "2353"]
[EventDate "2005.06.10"]
[PlyCount "119"]

1.d4 d5 2.c4 dxc4 3.Nf3 Nf6 4.Nc3 a6 5.a4 e6 6.e3 c5 7.Bxc4 Nc6 8.O-O Qc7 
9.d5 Na5 10.Ba2 e5 11.Ng5 Bd6 12.Nce4 Nxe4 13.Nxe4 O-O 14.Bd2 b6 15.Bxa5 
bxa5 16.Qd2 Rb8 17.Rfc1 Rb4 18.Rc4 Bd7 19.Qe2 Bf5 20.Nxd6 Qxd6 21.Rac1 
Rfb8 22.b3 Rxc4 23.Qxc4 h6 24.h3 Qg6 25.Kh2 Be4 26.f3 Bf5 27.e4 Bd7 28.Qd3
Rc8 29.Qe3 Qb6 30.Rc4 Kf8 31.Qc3 f6 32.Qd2 Ke7 33.Rc1 Kd6 34.f4 Qb4 35.
fxe5+ fxe5 36.Qe2 Ra8 37.Rf1 Ke7 38.Qh5 Qxe4 39.Qf7+ Kd6 40.Qxg7 Qxd5 41.
b4 Qd4 42.bxc5+ Kc7 43.c6 Kxc6 44.Qxh6+ Kb7 45.Qh5 Rc8 46.Rb1+ Ka7 47.Rf1 
Rc1 48.Rxc1 Qf4+ 49.Kh1 Qxc1+ 50.Kh2 Qf4+ 51.Kh1 Bxa4 52.Bd5 Kb6 53.Qg6+ 
Kc5 54.Bf3 Bb5 55.Qg7 a4 56.Qe7+ Kd4 57.Qb4+ Kd3 58.Qa3+ Kd4 59.Qb4+ Kd3 
60.Qa3+ 1/2-1/2

[Event "6th EUR-ch (w)"]
[Site "Chisinau MDA"]
[Date "2005.06.12"]
[Round "2"]
[White "Demina, Yulia"]
[Black "Van Weersel, Arlette"]
[Result "1-0"]
[WhiteElo "2346"]
[BlackElo "2158"]
[EventDate "2005.06.10"]
[PlyCount "53"]

1.Nf3 Nf6 2.g3 g6 3.c4 Bg7 4.Bg2 O-O 5.O-O d5 6.cxd5 Nxd5 7.Nc3 c6 8.d4 
Nxc3 9.bxc3 c5 10.Ba3 Na6 11.e4 Qa5 12.Bb2 Rd8 13.Qb3 Rb8 14.Rfd1 Bd7 15.
a4 Qc7 16.Ng5 c4 17.Qa2 e5 18.d5 h6 19.Nf3 f5 20.Nd2 b5 21.axb5 Bxb5 22.
Bf1 Rbc8 23.Nxc4 Bxc4 24.Bxc4 Qxc4 25.Qxa6 Qxe4 26.Qxg6 Qc2 27.Rdc1 1-0

[Event "6th EUR-ch (w)"]
[Site "Chisinau MDA"]
[Date "2005.06.12"]
[Round "2"]
[White "Milliet, Sophie"]
[Black "Butuc, Maria"]
[Result "1-0"]
[WhiteElo "2319"]
[BlackElo "2147"]
[EventDate "2005.06.10"]
[PlyCount "51"]

1.e4 c5 2.Nf3 e6 3.d4 cxd4 4.Nxd4 Nf6 5.Bd3 Nc6 6.Nxc6 dxc6 7.O-O e5 8.Nd2
Be7 9.Nc4 Qc7 10.f4 exf4 11.Bxf4 Qd8 12.e5 Nd5 13.Bg3 O-O 14.Qe2 Be6 15.
Kh1 Qd7 16.Nd6 Bxd6 17.exd6 Rae8 18.Qd2 b5 19.a4 b4 20.a5 Qb7 21.c4 Nf6 
22.Rxf6 gxf6 23.Qh6 f5 24.Qg5+ Kh8 25.Qf6+ Kg8 26.Be5 1-0

[Event "6th EUR-ch (w)"]
[Site "Chisinau MDA"]
[Date "2005.06.12"]
[Round "2"]
[White "Smochina, Carolina"]
[Black "Ankerst, Milka"]
[Result "1/2-1/2"]
[WhiteElo "2307"]
[BlackElo "2124"]
[EventDate "2005.06.10"]
[PlyCount "58"]

1.Nf3 Nf6 2.d4 e6 3.c4 d5 4.Nc3 Be7 5.Bg5 O-O 6.e3 c6 7.Qc2 Nbd7 8.cxd5 
exd5 9.Bd3 h6 10.Bf4 Re8 11.O-O Nf8 12.h3 Ne6 13.Bh2 Bd6 14.Ne5 Qe7 15.f4 
c5 16.f5 Ng5 17.b3 Bd7 18.h4 Nge4 19.Nxe4 Nxe4 20.Bxe4 dxe4 21.Nxd7 Bxh2+ 
22.Kxh2 cxd4 23.exd4 Qxd7 24.Rae1 Qxd4 25.Rf4 Qd3 26.Qe2 Rad8 27.Rxe4 Rxe4
28.Qxe4 Qxe4 29.Rxe4 Kf8 1/2-1/2